| 000 | 00461nam a22001817a 4500 | ||
|---|---|---|---|
| 003 | MPLRDC | ||
| 005 | 20220104123306.0 | ||
| 008 | 210129b ||||| |||| 00| 0 eng d | ||
| 020 | _a7-213-00966-4 | ||
| 082 | _a083.6 GXM-2 v.2 | ||
| 100 | _a林太 | ||
| 245 |
_a印度的智慧 _c顾晓鸣主编 |
||
| 250 | _a一版二刷 | ||
| 260 |
_a _b浙江人民出版社 _c1994 |
||
| 300 | _b平 | ||
| 650 | _a现代丛书--通俗用 | ||
| 942 |
_cBK _o083.6 GXM-2 v.2 |
||
| 999 |
_c10123 _d10113 |
||